000 00339 a2200157 4500
001 183402
020 _a85-305-0006-7
040 _cMagnum
100 _aRocha, Ruth
240 1 0 _aNicolau tinha uma idéia
_lpor
245 1 0 _aNicolau tinha uma idéia
300 _a24
362 0 _a1995
697 _aLITERATURA INFANTIL
942 _cBK
999 _c183402
_d183402